000
00335 a2200145 4500
001
151702
040
_c
Escola São Tomás de Aquino
100
_a
AQUINO, Mônica de
240
1
0
_a
O coelho de cartola
_l
por
245
1
0
_a
O coelho de cartola
362
0
_a
2016
440
1
_a
Miguilim
697
_a
*LITERATURA INFANTIL
942
_c
BK
999
_c
151702
_d
151702